000 00581nam a2200229Ia 4500
003 OSt
005 20220928125048.0
006 a|||||r|||| 00| 0
007 ta
008 220927b |||||||| |||| 00| 0 eng d
024 _a62758
037 _cTextual
040 _aSDCL
_cSDCL
_beng
041 _2eng
_aeng
082 _aO152,1N:g, P0
100 _aChaturvedi Ramsawroop
_9467862
245 0 _aAdunik kavita -yatra.
260 _c2000
300 _axvii,161p.
_ccm.
942 _hO152,1N:g, P0
_cTEXL
_2CC
999 _c780758
_d780758